| 000 | 01004nas a2200313 4500 | ||
|---|---|---|---|
| 001 | BR2017003409 | ||
| 003 | BR-BrBNA | ||
| 005 | 20231205131203.0 | ||
| 007 | ta | ||
| 008 | 230509b bl.|||p| |||| 00| 00por d | ||
| 040 |
_aBR-BrBNA _bpor _cBiblioteca Nacional de Agricultura |
||
| 041 | _a(En) | ||
| 072 | _aP36 | ||
| 100 | 1 | _aLima, P.L.T. | |
| 100 | 1 | _aSilva, M.L.N. | |
| 100 | 1 | _aQuinto, J.N. | |
| 100 | 1 | _aBatista, P.V.G. | |
| 100 | 1 | _aCândido, B.M. | |
| 100 | 1 | _aCuri, N. | |
| 245 | 1 | _aRelationship among crop systems, soil cover, and water erosion on a typic hapludox | |
| 650 | _aSISTEMA DE CULTIVO | ||
| 650 | _aCOBERTURA DO SOLO | ||
| 650 | _aEROSÃO HÍDRICA | ||
| 650 | _aCONSERVAÇÃO DO SOLO | ||
| 773 | 0 |
_tRevista Brasileira de Ciência do Solo (Brazil) _xISSN 1806-9657 _g(2018), v. 42 p. 1-16 _wBR2017003409 |
|
| 856 | 4 | 0 | _uhttp://www.scielo.br/pdf/rbcs/v42/1806-9657-rbcs-18069657rbcs20170081.pdf |
| 909 |
_a202311 _bLúcia _c55 _dLúcia Elande |
||
| 942 |
_2AGRIS _n0 _cANA |
||
| 999 |
_c253462 _d253462 |
||